000 004080000a22001330004500
041 0 _aSPA
082 0 4 _aG 868 M8283u
100 1 _aMorales Vargas, Agustín
245 1 0 _aEl último macho : Y otros cuentos de tres generaciones / Agustín Morales Vargas, Próspero Morales Pradilla, Antonio Morales Riveira
260 _aBogotá, Colombia : Plaza y Janés
300 _a210 Pag
001 11165
942 _cBK
999 _c40531
_d40531